| 000 | 00597nam a2200205 4500 | ||
|---|---|---|---|
| 003 | OSt | ||
| 005 | 20260601193854.0 | ||
| 008 | 260506b |||||||| |||| 00| 0 eng d | ||
| 020 | _a9780876631621 | ||
| 040 |
_aICI _bspa _cICI |
||
| 050 | _aNC998 .G73 1973 | ||
| 100 | 1 |
_aDrignani, Franco _932720 |
|
| 245 | 1 |
_aGraphic Designers en Europe 4 _cFranco Gringnani; Heinz Edelman; Jacques Richez |
|
| 264 |
_bBijutsu Shuppan-sha Tokyo _c1973 _aJapón |
||
| 300 | _a129 páginas | ||
| 336 |
_atexto _2rdacontent |
||
| 337 |
_asin medio _2rdamedia |
||
| 338 |
_avolumen _2rdacarrier |
||
| 942 |
_2lcc _cB _n1 |
||
| 999 |
_c21961 _d21961 |
||